000 00514nam a2200181Ia 4500
005 20250508162046.0
008 008 250505s9999 xx 000 0 eng d
037 _aTextual
040 _aFEDL
_beng
_cFEDL
041 _aeng
_2eng
084 _a370.193, TUR
_qFEDL
100 _aTurner John D. Ed.
_9768477
245 0 _aTeacher in a changing society
260 _aOxford
_bManchester University Press
_c1974
300 _aviii,98p.
942 _cTEXL
_h370.193, TUR
999 _c1374117
_d1374117